Manual de instalación proyecto Yoscua (Registro nro. 6452)

Detalles MARC
000 -CABECERA
Campo de control 00988nam a2200229 a 4500
005 - FECHA Y HORA DE LA ULTIMA TRANSACCION
Campo de control 20160811020003.0
008 - ELEMENTOS DE LONGITUD FIJA—INFORMACION GENERAL
Campo de control 140129b2007 ck ||||| |||| 00| 0 spa d
040 ## - FUENTE DE CATALOGACIÓN
Agencia transcriptora CO-BoIH
041 ## - IDIOMA
Código de idioma para texto/pista de sonido o título separado Español
044 ## - PAÍS DE PUBLICACIÓN
País de publicación Colombia
090 ## - CLASIFICACIÓN LOCAL
Colección IAVH
Consecutivo 01065
110 ## - ASIENTO PRINCIPAL--NOMBRE CORPORATIVO
Unidad subordinad Ingenian Software
245 ## - MENCION DE TITULO
Título Manual de instalación proyecto Yoscua
Parte restante del título segunda fase
260 ## - PUBLICACION, DISTRIBUCION, ETC. (PIE DE IMPRENTA)
Lugar de publicación, distribución, etc. Bogotá
Nombre del editor, distribuidor, etc. Instituto Alexander Von Humboldt
-- Ingenian Software
Fecha de publicación, distribución, etc. 2007
300 ## - DESCRIPCION FISICA
Extensión 9 p.
520 ## - NOTA DE RESUMEN, ETC.
Nota de resumen El documento presenta el procedimiento de instalación necesario para poner en marcha la aplicación de Yoscua. También describe las carpetas principales que deben tenerse en cuenta para dar soporte y mantenimiento a la aplicación. La instalación de la aplicación se divide en dos grandes pasos: instalación del servidor de aplicaciones y configuración de la base de datos.
650 ## - ASIENTO SECUNDARIO DE MATERIA - TERMINO TEMATICO
Término temático o nombre geográfico como elemento de entrada Manual
650 ## - ASIENTO SECUNDARIO DE MATERIA - TERMINO TEMATICO
Término temático o nombre geográfico como elemento de entrada Instalación
650 ## - ASIENTO SECUNDARIO DE MATERIA - TERMINO TEMATICO
Término temático o nombre geográfico como elemento de entrada Yoscua
942 ## - ELEMENTOS ADICIONALES (KOHA)
Tipo de ítem Informe Técnico
Sistema de clasificación Local
Koha issues (borrowed), all copies 3
945 ## - PROCESAMIENTO LOCAL
AAAA-MM-DD - Fecha de ingreso o modificacion 2008-08-05
Existencias
Withdrawn status Lost status Sistema de Clasificación Damaged status No para préstamo Colección Inventariado Ubicación Permanente Ubicación actual Fecha de adquisición Total Checkouts Número topográfico Inventario / Código de Barras Date last seen Date checked out Ejemplar Price effective from Forma de adquisición Tipo de material
    Local     Humboldt Inventariado 2017 Bogotá Bogotá 05/08/2008 2 IAVH-01065 026251 09/08/2024 10/08/2016 Ej. 1 04/12/2012   Informe Técnico